| 000 | 00340nam a2200145Ia 4500 | ||
|---|---|---|---|
| 008 | 230711s9999||||xx |||||||||||||| ||und|| | ||
| 041 | _aENG | ||
| 082 |
_a621 _bTE-B |
||
| 100 | _aTepper Marvin | ||
| 245 | 0 | _aBasic radio | |
| 250 | _a1st | ||
| 260 |
_c1967 _aNew Delhi _bB.D Tarapore & Sons |
||
| 650 | _aElectronics Engineering | ||
| 942 | _cBK | ||
| 999 |
_c524 _d524 |
||